000 00364pam a2200157a 44500
008 230515b1940 xxu||||| |||| 00| 0 eng d
020 _aNULL
041 _aSANSKRIT
082 _a1
100 _aKIJAWADEKAR
245 _aASTANGSANGRAH SWASTAVARTTAM
250 _a2
260 _aSANGALI
_bN.D.
_c1940
300 _a100
650 _aASTANGSANGRAH SWASTAVARTTAM
999 _c496935
_d496935